000 00706nam a22002297a 4500
999 _c22418
_d22418
003 OSt
005 20220609102340.0
008 220608b ||||| |||| 00| 0 spa d
020 _a9786124181399
040 _cBiblioteca Municipal de Cusco
082 _a869.57/A92D3
_bA92D3
100 _aAvilés, Marco
_d1978-
_948105
245 _aDe dónde venimos los cholos /
_cMarco Avilés
250 _a1a ed., 2a reimpr.
264 1 _aLima :
_bBooket,
_c2019.
300 _a281 páginas. :
_c20 cm.
490 _aEnsayo / Booket
650 _aEnsayos peruanos
_ySiglo XXI
_948106
650 _aMigración interna
_xEnsayos, conferencias, etc.
_948107
830 _aBooket. Ensayo
_948108
942 _2ddc
_cLIBROS